000 00802nas a2200265Ia 4500
001 A50/R024-17278 [r000015602]
003 IT-MiCISF
008 161014c99999999xx |||||||||||| ||und||
040 _aIT-MiCISF
_cIT-MiCISF
041 _aITALIANO
100 _aLasconi Tonino
210 _aFamiglia oggi
222 _aFamiglia oggi
245 0 _aVincere la scommessa educativa anche in parrocchia
250 _a1a ed.
260 _c1996
501 _bCISF - Centro Internazionale Studi Famiglia - Via Giotto, 36 20145 MILANO (non commercial uses only)
_cCopyright 2016
300 _app. 31-36
362 _an. 4, aprile [1996]
500 _a Tema: educazione-sessuale, chiesa-locale
650 _aEDUCAZIONE
_varticolo
700 _aAA.VV.
942 _cCR
957 _71
999 _a17278
_bSi
_g1
_c240529
_d240529